Faded - Alan Walker - All Lyrics - Statistics

General Stats
  • This quiz has been taken 65 times
  • The average score is 132 of 178
Answer Stats
Answer % Correct
I
100%
a
98%
the
95%
The
95%
Where
95%
You
95%
you
95%
I'm
93%
fade
90%
are
88%
my
88%
now?
88%
faded
83%
of
83%
shadow
83%
away
80%
in
80%
were
80%
Were
80%
to
78%
sea,
73%
sea
73%
see
73%
under
73%
Under
73%
Another
71%
me
71%
Did
68%
lost
68%
light
66%
So
66%
star,
66%
on
63%
us?
63%
us
63%
dream?
61%
dream
61%
feel
61%
it
59%
alive
56%
all
56%
Atlantis,
56%
Atlantis
56%
inside
56%
Was
54%
monster's
51%
fantasy?
49%
imaginary?
49%
only
49%
what
46%
wanna
44%
Afraid
41%
breathing
41%
running
41%
sight
41%
wild
41%
go,
39%
never
39%
deeper
37%
heart
37%
out
37%
silence
37%
waters
37%
fire
34%
needed
34%
dive
32%
Eternal
32%
letting
32%
our
32%
set
32%
aim
29%
but
29%
shallow
29%
bright
27%
lights
27%
These
24%
alight
22%
met
22%
No matching quizzes found
Score Distribution
Percent of People with Each Score
Percentile by Number Answered
Your Score History
You have not taken this quiz